| 000 | 00314nam a2200121Ia 4500 | ||
|---|---|---|---|
| 008 | 240731s9999 xx 000 0 und d | ||
| 022 | _a2470-1564 | ||
| 245 | 0 | _aInorganic and Nano-Metal Chemistry | |
| 260 | _bTaylor & Francis | ||
| 856 | _uhttps://www.tandfonline.com/loi/lsrt21 | ||
| 942 | _2ddc | ||
| 942 | _cTFEJ | ||
| 999 |
_c76987 _d76987 |
||
| 945 |
_a1 _bMadushi Gamage _c1 _dMadushi Gamage |
||